Section 21 All change (Record no. 84766)
[ view plain ]
| 000 -LEADER | |
|---|---|
| fixed length control field | 01267cab a22002175a 4500 |
| 001 - CONTROL NUMBER | |
| control field | L159006 |
| 008 - FIXED-LENGTH DATA ELEMENTS--GENERAL INFORMATION | |
| fixed length control field | 151203e2015 xxk 000 0 eng d |
| 035 ## - SYSTEM CONTROL NUMBER | |
| System control number | (Sirsi) u159006 |
| 041 0# - LANGUAGE CODE | |
| Language code of text/sound track or separate title | eng |
| 245 00 - TITLE STATEMENT | |
| Title | Section 21 All change |
| Remainder of title | New rules on when and how to use the "no fault" notice |
| 260 ## - PUBLICATION, DISTRIBUTION, ETC. | |
| Date of publication, distribution, etc. | 2015 |
| 490 ## - SERIES STATEMENT | |
| Series statement | Letting Update Journal |
| Volume/sequential designation | 23(3), October 2015, 14-16(3) |
| 520 ## - SUMMARY, ETC. | |
| Summary, etc. | Explains the changes to the serving of Housing Act 1988 s21 notices introduced by the Deregulation Act 2015. These includes the prohibition of the serving of s21 notices within the first four months of an original Assured Shorthold Tenancy (AST) and must be served using a prescribed form Assured Shorthold Tenancy Notices and Prescribed Requirements (England) (Amendment) Regulations 2015 (SI 2015:1725. Tenants must also have been given an Energy Performance Certificate and Gas Safety Record before a S21 notice can be served. Applies to new tenancies set up on and after 1 October 2015 |
| 590 ## - LOCAL NOTE (RLIN) | |
| Local note | KA |
| 650 24 - SUBJECT ADDED ENTRY--TOPICAL TERM | |
| Topical term or geographic name entry element | DEREGULATION ACT 2015 |
| 650 24 - SUBJECT ADDED ENTRY--TOPICAL TERM | |
| Topical term or geographic name entry element | S21 NOTICES |
| 650 24 - SUBJECT ADDED ENTRY--TOPICAL TERM | |
| Topical term or geographic name entry element | ASSURED SHORTHOLD TENANCY NOTICES AND PRESCRIBED REQUIREMENTS (ENGLAND) (AMENDMENT) REGULATIONS 2015 |
| 651 #4 - SUBJECT ADDED ENTRY--GEOGRAPHIC NAME | |
| Geographic name | England |
| Chronological subdivision | 886- |
| 690 ## - LOCAL SUBJECT ADDED ENTRY--TOPICAL TERM (OCLC, RLIN) | |
| Topical term or geographic name as entry element | Landlord and tenant |
| 9 (RLIN) | 6252 |
| 942 ## - ADDED ENTRY ELEMENTS (KOHA) | |
| Suppress in OPAC | 0 |
| Withdrawn status | Lost status | Source of classification or shelving scheme | Damaged status | Not for loan | Home library | Current library | Shelving location | Date acquired | Total Checkouts | Full call number | Barcode | Date last seen | Copy number | Price effective from | Koha item type |
|---|---|---|---|---|---|---|---|---|---|---|---|---|---|---|---|
| Dewey Decimal Classification | London | London | Journals | 03/12/2015 | L159006 | 159006-1001 | 06/08/2019 | 1 | 06/08/2019 | Journal article |